| 000 | 00562nam a2200193Ia 4500 | ||
|---|---|---|---|
| 001 | 56702 | ||
| 008 | 190921n ii |||gr||||Z||||||465 | ||
| 020 | _a978-81-317-0625--1 | ||
| 082 | _a320.954 | ||
| 100 |
_aBhargava,Rajeev, _eEditor. |
||
| 245 | 0 |
_aPolitical Theory An Introduction _cRajeev Bhargava,Ashok Acharya _hTextual Documents |
|
| 250 | _a1st ed. | ||
| 260 |
_aIndia: _bDorling Kindersley (India) Pvt Ltd., _c2009. |
||
| 300 |
_a340p: _c23cm. |
||
| 653 | _aPolitics-India | ||
| 653 | _aG-Pol.Sc | ||
| 653 | _aPG-Political science | ||
| 942 |
_2ddc _cBK |
||
| 999 |
_c56624 _d56624 |
||